Score 0/16 Timer 03:00
0 Plays Today
Movie Missing Word % Correct
_____ + JulietRomeo
98.4%
_____ for the HolidaysHome
91.2%
Les _____Miserables
89.6%
To Gillian on Her 37th _____Birthday
89.2%
How to Make an _____ QuiltAmerican
80.6%
The Mod _____Squad
78.1%
_____ WomenLittle
77.1%
_____ 3: Rise of the MachinesTerminator
71.8%
Movie Missing Word % Correct
_____ MononokePrincess
40.9%
Igby _____ DownGoes
39.5%
_____ GrandinTemple
32.6%
_____ and Orson WellesMe
31.3%
The _____ StoneFamily
30.5%
Brokedown _____Palace
27.9%
_____ BeautyStage
5.2%
The _____ in Placid LakeRage
4.6%

Today's Daily Dose

Missing Word
Lizzo Songs

Get the Picture
The Longest Rivers

Remove Ads.
Support Sporcle.
Get the best of Sporcle when you Go Orange. This ad-free experience offers more features, more stats, and more fun while also helping to support Sporcle. Thank you for becoming a member.

You're not logged in!

Compare scores with friends on all Sporcle quizzes.
OR
Log In

Show Comments

Extras

Top Quizzes Today


Score Distribution

Your Account Isn't Verified!

In order to create a playlist on Sporcle, you need to verify the email address you used during registration. Go to your Sporcle Settings to finish the process.

Report this User

Report this user for behavior that violates our Community Guidelines.

Details: